[Event "Split op 9th"]
[Site "Split"]
[Date "2019.08.03"]
[Round "1"]
[White "Saric, Ante"]
[Black "Matkun, Zeljko"]
[Result "1-0"]
[WhiteElo "2557"]
[BlackElo "1966"]
[PlyCount "41"]
[EventDate "2019.08.03"]
[EventType "swiss"]
[EventRounds "9"]
[EventCountry "CRO"]
[SourceTitle "CBM 191 Extra"]
[Source "ChessBase"]
[SourceDate "2019.09.30"]
[SourceVersion "1"]
[SourceVersionDate "2019.09.30"]
[SourceQuality "1"]

1. c4 c5 2. Nf3 Nf6 3. Nc3 Nc6 4. g3 g6 5. d4 cxd4 6. Nxd4 Bg7 7. Bg2 0-0 8. 0-0 a6 9. c5 Qc7 10. Nb3 b5 11. cxb6 Qxb6 12. Be3 Qd8 13. Rc1 Bb7 14. Nc5 Rb8 15. Bf4 e5 16. Bxe5 Nxe5 17. Nxb7 Qb6 18. Na4 Qa7 19. Nd6 Ne8 20. Nc8 Rxc8 21. Rxc8 1-0

[Event "CRO-chT3 Centar-B"]
[Site "Croatia"]
[Date "2017.05.07"]
[Round "3.5"]
[White "Matkun, Zeljko"]
[Black "Zadravec, Matija"]
[Result "0-1"]
[WhiteElo "1921"]
[BlackElo "2109"]
[PlyCount "78"]
[EventDate "2017.04.02"]
[EventType "team-tourn"]
[EventRounds "9"]
[EventCountry "CRO"]
[SourceTitle "EXT 2019"]
[Source "ChessBase"]
[SourceDate "2018.10.10"]
[SourceVersion "1"]
[SourceVersionDate "2018.10.10"]
[SourceQuality "1"]

1. e4 c5 2. Nf3 g6 3. d4 cxd4 4. Nxd4 Nc6 5. Be3 Nf6 6. f3 d5 7. Bb5 Bd7 8. Nc3 e5 9. Nxd5 Nxd5 10. exd5 Nxd4 11. Bxd7+ Qxd7 12. Bxd4 exd4 13. Qxd4 0-0-0 14. 0-0-0 Kb8 15. Kb1 Bd6 16. Rd3 Rhe8 17. a4 Re2 18. g3 Rc8 19. Rd2 Be5 20. Qd3 Rxd2 21. Qxd2 Qxa4 22. Rd1 Qb5 23. Qc1 Rc5 24. f4 Bf6 25. d6 Rd5 26. Rxd5 Qxd5 27. Qe3 Qxd6 28. Qe8+ Bd8 29. Qxf7 Qd1+ 30. Ka2 Qxc2 31. Qxh7 a6 32. Qh8 Qd3 33. Qe5+ Ka7 34. g4 Bb6 35. f5 gxf5 36. Qxf5 Qxf5 37. gxf5 Bd8 38. Kb3 Kb6 39. Kc4 Kc6 0-1

[Event "CRO-chT3 Centar-B"]
[Site "Croatia"]
[Date "2017.04.09"]
[Round "2.1"]
[White "Matkun, Zeljko"]
[Black "Skuhala, Luka"]
[Result "0-1"]
[WhiteElo "1921"]
[BlackElo "2095"]
[PlyCount "54"]
[EventDate "2017.04.02"]
[EventType "team-tourn"]
[EventRounds "9"]
[EventCountry "CRO"]
[SourceTitle "EXT 2019"]
[Source "ChessBase"]
[SourceDate "2018.10.10"]
[SourceVersion "1"]
[SourceVersionDate "2018.10.10"]
[SourceQuality "1"]

1. e4 c5 2. Nf3 d6 3. d4 cxd4 4. Nxd4 Nf6 5. Nc3 a6 6. Bg5 e6 7. Qd2 h6 8. Be3 Ng4 9. Be2 Nxe3 10. Qxe3 Be7 11. 0-0 Nc6 12. Nxc6 bxc6 13. f4 Rb8 14. Na4 Qa5 15. b3 0-0 16. Rad1 d5 17. Qa7 Bd6 18. e5 Bc7 19. Kh1 f5 20. g4 fxg4 21. Bxg4 Rb4 22. Rd4 Bxe5 23. c3 Bxd4 24. cxd4 Rf7 25. Qc5 Qxc5 26. Nxc5 Rxd4 27. Nxe6 Re4 0-1

[Event "CRO-chT3B Center North"]
[Site "Croatia"]
[Date "2016.10.23"]
[Round "8.5"]
[White "Vidovic, Sasa"]
[Black "Matkun, Zeljko"]
[Result "1-0"]
[WhiteElo "2311"]
[BlackElo "1923"]
[PlyCount "53"]
[EventDate "2016.04.03"]
[EventType "team-tourn"]
[EventRounds "9"]
[EventCountry "CRO"]
[SourceTitle "EXT 2019"]
[Source "ChessBase"]
[SourceDate "2018.10.10"]
[SourceVersion "1"]
[SourceVersionDate "2018.10.10"]
[SourceQuality "1"]

1. b3 d5 2. Bb2 Nf6 3. e3 g6 4. f4 Bg7 5. Nf3 0-0 6. Be2 c5 7. 0-0 Nc6 8. Ne5 Qc7 9. Nxc6 Qxc6 10. Bf3 b5 11. c4 bxc4 12. bxc4 Ba6 13. Qc2 e6 14. Rc1 Rfc8 15. cxd5 exd5 16. Be5 Nd7 17. Bxg7 Kxg7 18. Nc3 Nb6 19. a4 Qd7 20. a5 Nc4 21. Bxd5 Nd6 22. Bxa8 Rxa8 23. Nd5 c4 24. Qc3+ Kh6 25. Nf6 Qc6 26. Ng4+ Kh5 27. Qf6 1-0

[Event "CRO-chT3B Center North"]
[Site "Croatia"]
[Date "2012.05.12"]
[Round "4.13"]
[White "Srsan, Matija"]
[Black "Matkun, Zeljko"]
[Result "1-0"]
[WhiteElo "1866"]
[BlackElo "1917"]
[PlyCount "53"]
[EventDate "2012.04.14"]
[EventType "team-tourn"]
[EventRounds "9"]
[EventCountry "CRO"]
[SourceTitle "EXT 2013"]
[Source "ChessBase"]
[SourceDate "2012.11.22"]
[SourceVersion "1"]
[SourceVersionDate "2012.11.22"]
[SourceQuality "1"]

1. e4 c5 2. f4 d5 3. e5 Nc6 4. Nf3 Nh6 5. Bb5 a6 6. Bxc6+ bxc6 7. c4 d4 8. d3 Qa5+ 9. Qd2 Qb6 10. 0-0 Nf5 11. Qe2 h5 12. Ng5 Rh6 13. Qe4 Bd7 14. Re1 Ne3 15. Bxe3 Qxb2 16. Nd2 dxe3 17. Ndf3 Qf2+ 18. Kh1 Rc8 19. Rxe3 Qb2 20. Ree1 h4 21. h3 e6 22. Qe3 Be7 23. Reb1 Qc3 24. Ne4 Qa5 25. Rb7 f5 26. Nd6+ Bxd6 27. exd6 1-0

[Event "CRO-chT3B Center North"]
[Site "Croatia"]
[Date "2011.10.15"]
[Round "7.4"]
[White "Matkun, Zeljko"]
[Black "Bozic, Miljenko"]
[Result "0-1"]
[WhiteElo "1957"]
[BlackElo "1986"]
[PlyCount "60"]
[EventDate "2011.03.26"]
[EventType "team-tourn"]
[EventRounds "9"]
[EventCountry "CRO"]
[SourceTitle "EXT 2014"]
[Source "ChessBase"]
[SourceDate "2013.11.20"]
[SourceVersion "1"]
[SourceVersionDate "2013.11.20"]
[SourceQuality "1"]

1. e4 Nc6 2. d4 d6 3. Nc3 g6 4. Be3 Bg7 5. Bc4 a6 6. a3 e6 7. Nf3 Nce7 8. Qd2 b5 9. Bd3 Bb7 10. h4 h6 11. 0-0-0 Rc8 12. Rhe1 Nf6 13. Nh2 Nd7 14. f4 c5 15. dxc5 Nxc5 16. Bxc5 Rxc5 17. e5 0-0 18. Ne4 Bxe4 19. Bxe4 Nd5 20. Nf3 dxe5 21. fxe5 Qc7 22. Qf2 Rc8 23. Kb1 b4 24. Rd3 Rxc2 25. Qf1 Rxb2+ 26. Kxb2 Qc2+ 27. Ka1 b3 28. Rxb3 Qxb3 29. Bxd5 exd5 30. Qxa6 Rc2 0-1

[Event "CRO-chT3B Center North"]
[Site "Croatia"]
[Date "2011.10.08"]
[Round "6.34"]
[White "Klemencic, Damjan"]
[Black "Matkun, Zeljko"]
[Result "0-1"]
[WhiteElo "1848"]
[BlackElo "1957"]
[PlyCount "70"]
[EventDate "2011.03.26"]
[EventType "team-tourn"]
[EventRounds "9"]
[EventCountry "CRO"]
[SourceTitle "EXT 2014"]
[Source "ChessBase"]
[SourceDate "2013.11.20"]
[SourceVersion "1"]
[SourceVersionDate "2013.11.20"]
[SourceQuality "1"]

1. e4 e5 2. Nf3 Nc6 3. Bc4 Bc5 4. d3 Nf6 5. 0-0 0-0 6. Nc3 a6 7. a3 d6 8. h3 Be6 9. Ba2 Qd7 10. Kh2 Bxa2 11. Rxa2 d5 12. exd5 Nxd5 13. Ne4 Be7 14. g4 f5 15. gxf5 Qxf5 16. Ng1 Nf6 17. Ng3 Qe6 18. b3 Rad8 19. f4 exf4 20. Bxf4 Nd5 21. N1e2 Ne3 22. Bxe3 Qxe3 23. Rg1 Rf2+ 24. Rg2 Rdf8 25. Qg1 Ne5 26. Kh1 Ng6 27. c4 Qf3 28. Nd4 Rxg2 29. Nxf3 Rxa2 30. Qe3 Bd6 31. Qe6+ Kh8 32. Nf5 Ra1+ 33. Ne1 Be5 34. d4 Rxe1+ 35. Kg2 Nf4+ 0-1

[Event "Hum na Sutli op"]
[Site "Hum na Sutli"]
[Date "2010.11.25"]
[Round "6"]
[White "Matkun, Zeljko"]
[Black "Sribar, Peter"]
[Result "0-1"]
[WhiteElo "1979"]
[BlackElo "2183"]
[PlyCount "114"]
[EventDate "2010.11.20"]
[EventType "swiss"]
[EventRounds "9"]
[EventCountry "CRO"]
[SourceTitle "CBM 139 Extra"]
[Source "ChessBase"]
[SourceDate "2011.01.05"]
[SourceVersion "1"]
[SourceVersionDate "2011.01.05"]
[SourceQuality "1"]

1. e4 c5 2. f4 d5 3. Nc3 d4 4. Nce2 Nc6 5. Nf3 g6 6. Ng3 h5 7. e5 h4 8. Ne4 Qd5 9. Qe2 Bf5 10. d3 c4 11. g4 hxg3 12. Nxg3 cxd3 13. cxd3 Bg4 14. Bg2 e6 15. h3 Bb4+ 16. Kf2 Bh5 17. Nxh5 Rxh5 18. a3 Be7 19. Bd2 Qb3 20. Rhc1 Kf8 21. Be1 Rd8 22. Qc2 Qxc2+ 23. Rxc2 Nh6 24. Bd2 Nf5 25. b4 a6 26. Rb1 Rd7 27. a4 Ne3 28. Bxe3 dxe3+ 29. Kxe3 Nxb4 30. Rc8+ Kg7 31. d4 Nd5+ 32. Ke4 Rf5 33. Rb2 Rxf4+ 34. Kd3 g5 35. Bh1 Nb4+ 36. Ke3 Nc6 37. Rg2 Rxf3+ 38. Kxf3 Rxd4 39. Ra2 Nxe5+ 40. Ke2 b5 41. axb5 axb5 42. Rc3 b4 43. Rb3 f5 44. Bb7 Kf6 45. Ra8 Ng6 46. Rc8 Nf4+ 47. Kf1 Rd1+ 48. Kf2 Rd2+ 49. Kg1 Ne2+ 50. Kf1 Nd4 51. Rb1 b3 52. Ke1 Rc2 53. Ra8 Bb4+ 54. Kf1 b2 55. Rc8 Bc3 56. Rxc3 Rxc3 57. Rxb2 Rxh3 0-1

[Event "Hum na Sutli op"]
[Site "Hum na Sutli"]
[Date "2010.11.23"]
[Round "4"]
[White "Matkun, Zeljko"]
[Black "Maltar, Alberto"]
[Result "0-1"]
[WhiteElo "1979"]
[BlackElo "2120"]
[PlyCount "78"]
[EventDate "2010.11.20"]
[EventType "swiss"]
[EventRounds "9"]
[EventCountry "CRO"]
[SourceTitle "CBM 139 Extra"]
[Source "ChessBase"]
[SourceDate "2011.01.05"]
[SourceVersion "1"]
[SourceVersionDate "2011.01.05"]
[SourceQuality "1"]

1. e4 c5 2. f4 e5 3. Nf3 exf4 4. Bc4 Nc6 5. 0-0 d6 6. Nc3 Be6 7. Bb5 a6 8. Bxc6+ bxc6 9. d4 cxd4 10. Nxd4 g5 11. Nxe6 fxe6 12. Qh5+ Kd7 13. Na4 Qa5 14. b3 Nf6 15. Qe2 Be7 16. c4 e5 17. Bd2 Qc7 18. Rad1 Ke6 19. Bc3 c5 20. b4 Qc6 21. Nb2 Qxe4 22. Qd2 Qe3+ 23. Qxe3 fxe3 24. Rf3 Ne4 25. Be1 e2 26. Rb1 cxb4 27. Nd3 a5 28. Re3 Nc3 29. Bxc3 bxc3 30. Rxe2 Rhc8 31. c5 Rab8 32. Rc1 Bf6 33. Rxc3 Rb1+ 34. Kf2 d5 35. Rcc2 e4 36. Kg3 Kf5 37. Nf2 h5 38. Nh3 Be5+ 39. Kf2 Bd4+ 0-1